| 000 | 00958nas a2200313 4500 | ||
|---|---|---|---|
| 001 | BR0201448 | ||
| 003 | BR-BrBNA | ||
| 005 | 20231205102813.0 | ||
| 007 | ta | ||
| 008 | 230509b bl.|||p| |||| 00| 00por d | ||
| 040 |
_aBR-BrBNA _bpor _cBiblioteca Nacional de Agricultura |
||
| 041 | _a(Pt) | ||
| 072 | _aF02 | ||
| 100 | 1 | _aPereira, F.D. | |
| 100 | 1 | _aBraga, M.F. | |
| 100 | 1 | _aSá, M.E.L. de | |
| 100 | 1 | _aAlcino, O.A.G. de | |
| 100 | 1 | _aColenghi, I.C. | |
| 245 | 1 | _aInfluência de BAP e NAA na multiplicação de abacaxi cv. Perolera a partir de brotos estiolados in vitro | |
| 650 | _aABACAXI | ||
| 650 | _aVARIEDADE RESISTENTE | ||
| 650 | _aCULTURA IN VITRO | ||
| 650 | _aREGULADOR DE CRESCIMENTO | ||
| 650 | _aBROTAÇÃO | ||
| 650 | _aPROPAGAÇÃO VEGETATIVA | ||
| 773 | 0 |
_tBioscience Journal (Brazil) _xISSN 1516-3725 _g(Dec 2001), v. 17(2) p. 49-60 _wBR0201448 |
|
| 909 |
_a202311 _bLúcia _c55 _dLúcia Elande |
||
| 942 |
_2AGRIS _n0 _cANA |
||
| 999 |
_c169410 _d169410 |
||